| 000 | 01190nam a2200289Ia 4500 | ||
|---|---|---|---|
| 003 | OSt | ||
| 005 | 20221005104039.0 | ||
| 006 | a|||||r|||| 00| 0 | ||
| 007 | ta | ||
| 008 | 221004b |||||||| |||| 00| 0 san d | ||
| 020 |
_a9788170844517 (hbk) _c450 |
||
| 024 | _a8906 | ||
| 037 |
_b238, 17/12/2013, Eastern Book Linkers _cTextual |
||
| 040 |
_aCRL _cCRL _bsan |
||
| 041 |
_2san _asan |
||
| 082 | _aR635x1,1, 152Q3 | ||
| 100 | _aपतंजलि | ||
| 245 | 0 | _aयोगदर्शनम् | |
| 246 | _aYogadarshanam | ||
| 260 |
_aदिल्ली _bचौखम्बा संस्कृत प्रतिष्ठान भारत _c2013 |
||
| 300 |
_a314पृ0 _ccm. |
||
| 490 | _aव्रजजीवन प्राच्यभारती ग्रन्थमाला; 163 | ||
| 650 | _aभारतीय दर्शन | ||
| 700 |
_a पाण्डेय, देवीसहाय, ‘दीप’, अनु. _9623751 |
||
| 942 |
_hR635x1,1, 152Q3 _cTEXL _2cc |
||
| 999 |
_c1011581 _d1011581 |
||